000
00257nam a2200109Ia 4500
008
200302s9999 xx 000 0 und d
100
_a
John and mary gribbin
245
_a
watching the weather
260
_b
Universities press
260
_c
1998
300
_a
162
999
_c
3142
_d
3142